Представление документа в формате MARC21

Поле Инд. ПП Название Значение
Тип записи a
Библиографический уровень a
001 Контрольный номер RU/IS/BASE/433506268
005 Дата корректировки 20150513113618.6
020 a ISBN 978-5-7609-0548-2
040 a Служба первич. каталог. НБ ТвГУ
b Код языка каталог. rus
e Правила каталог. PSBO
041 0_ a Код языка текста rus
098 b Факультет Иностранных языков и международной коммуникации
c Кафедра английской филологии
100 1_ a Автор Комина Наталья Анатольевна
q Полное имя Комина Н. А.
245 10 a Заглавие Взаимодействие коммуникативных единиц в диалогическом общении
260 a Место издания Тверь
b Издательство Тверской государственный университет
c Дата издания 2009
504 a Библиография Библиогр.: с. 139 (13 назв.)
520 a Аннотация Неотъемлемой частью широкого круга проблем, связанных с исследованием функционального аспекта диалога, является рассмотрение взаимодействия коммуникативных единиц.
653 a Ключевые слова Коммуникативные единицы
653 1_ a Ключевые слова Прагматика
653 1_ a Ключевые слова Аспект
653 1_ a Ключевые слова Единство
653 1_ a Ключевые слова Труды Тверского государственного университета
773 08 w Контрольный № источника RU/IS/BASE/430228138
t Название источника Горизонты психолингвистики
d Место и дата издания Тверь : Тверской государственный университет, 2009
g Прочая информация С. 135-139
901 t Тип документа a
920 a Оператор Кома